000 00712 a2200205 4500
010 _aENG-89450
020 _a8120334342
_c225.00
035 _aEN-72983
037 _bDBAD / PUB
082 1 4 _a621.042
090 _c10949
_d10949
100 1 _aSolanki, Chetan Singh
245 1 _aRenewable energy technologies:
_cby Chetan Singh Solanki
_ba practical guide for beginners/
260 _aNew Delhi
_bPrentice-Hall of India
_c2008
270 _aM-97, Connaught Circus,
_bNew Delhi
_cDelhi
_e110001
300 _axiv, 153p.
_c21 cm. (Pbk)
500 _aIncludes index.
942 _adpl
_cEN
_k621.042/ SOL
999 _c10647
_d10647